FBS Receivers With 1,500+ Yd Receiving Seasons Since 2010 - Statistics

General Stats
  • This quiz has been taken 16 times
  • The average score is 7 of 39
Answer Stats
Year School Player % Correct
2020 Alabama DeVonta Smith
92%
2019 Louisiana State Ja'Marr Chase
69%
2019 Louisiana State Justin Jefferson
69%
2013 Fresno State Davante Adams
62%
2014 Alabama Amari Cooper
54%
2023 Louisiana State Malik Nabers
54%
2023 Washington Rome Odunze
54%
2021 Ohio State Jaxon Smith-Njigba
46%
2013 Oregon State Brandin Cooks
31%
2018 Massachusetts Andy Isabella
23%
2016 Western Michigan Corey Davis
23%
2021 Pittsburgh Jordan Addison
23%
2012 Baylor Terrance Williams
23%
2021 Alabama Jameson Williams
15%
2011, 2010 Oklahoma State Justin Blackmon
15%
2010 South Carolina Alshon Jeffrey
8%
2016 Oklahoma Dede Westbrook
8%
2014 Kansas State Tyler Lockett
8%
2016 Eastern Carolina Zay Jones
8%
2016 Louisiana Tech Carlos Henderson
0%
2017 Boise State Cedrick Wilson Jr.
0%
2021 Utah State Deven Thompkins
0%
2010 Hawaii Greg Salas
0%
2017 Oklahoma State James Washington
0%
2021 Western Kentucky Jerreth Sterns
0%
2011 Western Michigan Jordan White
0%
2011 Baylor Kendall Wright
0%
2015 Tulsa Keyarris Garrett
0%
2012 Southern California Marquise Lee
0%
2019 Arkansas State Omar Bayless
0%
2011 Houston Patrick Edwards
0%
2014 Colorado State Rashard Higgins
0%
2016 Middle Tennessee State Richie James
0%
2015 Bowling Green Roger Lewis
0%
2010 Oklahoma Ryan Broyles
0%
2012 West Virginia Stedman Bailey
0%
2016 Western Kentucky Taywan Taylor
0%
2016 Louisiana Tech Trent Taylor
0%
2013 Ball State Willie Snead IV
0%
No matching quizzes found
Score Distribution
Percent of People with Each Score
Percentile by Number Answered
Your Score History
You have not taken this quiz